Formuła 1: Tory cz.1 - Statystyki

Ogólne statystyki
  • Ten quiz został rozwiązany 2 031 razy
  • Średni wynik to 8 z 16
Statystyki odpowiedzi
Obrazkowy Odpowiedź % Poprawnych
Monza
91%
Spa-Francorchamps
82%
Red Bull Ring
79%
Baku
77%
Hungaroring
70%
Jeddah
62%
Circuit of The Americas
57%
Miami
50%
Zandvoort
44%
Hermanos Rodriguez
43%
Buddh
32%
Indianapolis
29%
Istanbul Park
17%
Brands Hatch
13%
Jarama
2%
Oscar y Juan Galvez
2%
Nie znaleziono quizów pasujących do podanych kryteriów
Rozkład punktacji
Procent ludzi z każdym wynikiem
Percentyl według liczby udzielonych odpowiedzi
Twoja historia wyników
Nie rozwiązałeś tego quizu